Score 0/40 Timer 03:00
0 Plays Today
% Correct
the
97.9%
the
97.9%
the
97.9%
In
92.9%
In
92.9%
are
90.5%
are
90.5%
are
90.5%
these
84.1%
These
84.1%
their
82.5%
stories.
82.3%
Victims
79.9%
Special
79.8%
criminal
79.6%
Unit.
79.3%
justice
78.9%
of
77.7%
system,
77.5%
New
72.1%
% Correct
York
72%
City,
69%
especially
65.2%
an
64.1%
heinous.
63.1%
considered
61.7%
sexually
61.4%
based
60.4%
detectives
60.1%
as
59.4%
offenses
58.5%
known
57.2%
elite
55.2%
who
54.5%
squad
53.1%
investigate
51.8%
members
48%
dedicated
47.4%
felonies
35.7%
vicious
35.3%
Remove Ads.
Support Sporcle.
Get the best of Sporcle when you Go Orange. This ad-free experience offers more features, more stats, and more fun while also helping to support Sporcle. Thank you for becoming a member.

You're not logged in!

Compare scores with friends on all Sporcle quizzes.
OR
Log In

Sporcle TV

Today on Sporcle TV


Watch our educational content, quiz creation guides, and fun videos on Sporcle TV.

Show Comments

Extras

Top Quizzes Today


Score Distribution

Paid Content

Your Account Isn't Verified!

In order to create a playlist on Sporcle, you need to verify the email address you used during registration. Go to your Sporcle Settings to finish the process.

Report this User

Report this user for behavior that violates our Community Guidelines.

Details: